Mercadotecnia de servicios / (Record no. 122591)

MARC details
000 -CABECERA
campo de control de longitud fija 00692nam a2200217 a 4500
005 - FECHA Y HORA DE LA ÚLTIMA TRANSACCIÓN
campo de control 20210223130211.0
008 - ELEMENTOS DE LONGITUD FIJA--INFORMACIÓN GENERAL
campo de control de longitud fija 070611s1997 mx r 000 0 spa d
020 ## - NÚMERO INTERNACIONAL NORMALIZADO PARA LIBROS
Número Internacional Estándar del Libro 968880858X
035 ## - NÚMERO DE CONTROL DEL SISTEMA
Número de control de sistema UPN01000150450
049 ## - COLECCIÓN
Colección CG
050 #4 - SIGNATURA TOPOGRÁFICA DE LA BIBLIOTECA DEL CONGRESO
Número de clasificación HD9980.5
Número de documento/Ítem L6.5 1997
100 1# - ASIENTO PRINCIPAL--NOMBRE PERSONAL
Nombre de persona Lovelock, Christopher H.
245 10 - MENCIÓN DE TÍTULO
Título Mercadotecnia de servicios /
Mención de responsabilidad, etc. Christopher H. Lovelock ; tr. Guadalupe Meza Staines.
250 ## - MENCIÓN DE EDICIÓN
Mención de edición 3a ed.
260 ## - PUBLICACIÓN, DISTRIBUCIÓN, ETC.
Lugar de publicación, distribución, etc. México :
Nombre del editor, distribuidor, etc. Pearson Educación,
Fecha de publicación, distribución, etc. 1997.
300 ## - DESCRIPCIÓN FÍSICA
Extensión xiv, 661 p. :
Otras características físicas il.
534 ## - NOTA SOBRE LA VERSIÓN ORIGINAL
Frase introductoria Traducción de:
Mención de título del original Services marketing
650 #4 - ASIENTO SECUNDARIO DE MATERIA - TERMINO TEMATICO
Término de materia o nombre geográfico como elemento de entrada INDUSTRIAS DE SERVICIO -
Subdivisión general MERCADOTECNIA
9 (RLIN) 6864
650 #4 - ASIENTO SECUNDARIO DE MATERIA - TERMINO TEMATICO
Término de materia o nombre geográfico como elemento de entrada PROFESIONES -
Subdivisión general MERCADOTECNIA
9 (RLIN) 6868
905 ## - TIPO DE MATERIAL
Tipo de material Libro
Holdings
Estado de retiro Estado de pérdida Fuente del sistema de clasificación o colocación Estado dañado No para préstamo Código de colección Localización permanente Ubicación/localización actual Ubicación en estantería Total de préstamos Clasificación Código de barras Fecha visto por última vez Número de copia Tipo de ítem Koha
    Library of Congress Classification     Colección General Bib. Gregorio Torres Quintero Bib. Gregorio Torres Quintero Planta baja 1 HD9980.5 L6.5 1997 246695 31/12/2020 1 Libro